[Event "Legends of Chess"]
[Site "Online"]
[Date "2020.07.25"]
[Round "5.3"]
[White "Kramnik, Vladimir"]
[Black "Ding, Liren"]
[Result "1/2-1/2"]
[WhiteElo "2756"]
[BlackElo "2836"]
[EventDate "2020.??.??"]
[Annotator "Bojkov,Dejan"]
[PlyCount "203"]
[Beauty "3507935543374"]
[EventType "team-tourn"]

1.e4 c5 2.Nf3 d6 3.d4 cxd4 4.Nxd4 Nf6 5.Nc3 a6 6.Bc4 {A pleasant guest at the top level. The Fischer-Sozin Attack has been neglected for a while.} 6...e6 7.Bb3 Nbd7 8.Be3 Nc5 9.f3 b5 10.Qd2 ( {White can also expand on the kingside at once:} 10.g4 Qc7 11.Qd2 Bd7 12.g5 Nh5 13.Nce2 a5 14.c3 Nxb3 15.axb3 e5 16.Nc2 Qb7 {Fernandez Guillen,E (2401)-Quesada Perez,L (2510) Merida 2018} ) 10...Qc7 11.O-O-O Be7 ( {More accurate seems} 11...Bd7 {In order to meet} 12.g4 {with serious queenside expansion:} 12...b4 13.Nce2 a5 ) 12.g4 b4 13.Na4 O-O $146 {Ding is OK with the pawn sacrifice.} ( 13...Bd7 14.Qxb4 Rb8 15.Qc3 O-O 16.Nxc5 dxc5 17.g5 Nh5 18.Ne2 {was Lipien,W (2066)-Daniel,D (1879) Poland 2013} ) 14.Qxb4 Nxa4 ( {However, here the Chinese GM could have developed his initiative better with} 14...Bd7 $1 15.Nxc5 ( {Or} 15.Qb6 Qc8 ) 15...dxc5 16.Qc3 Qb7 {with serious counter-chances.} ) 15.Qxa4 Bd7 16.Qc4 Qb7 17.g5 Nh5 ( {Similar is} 17...Rfc8 18.Qd3 Ne8 19.Kb1 {where Black does not have enough for a pawn either.} ) 18.Ba4 Bxa4 ( {It made sense to insert} 18...Rfc8 $5 19.Qb3 {Then} 19...Qc7 20.Bxd7 Qxd7 {might promise Black long-term pressure along the half-open files.} ) 19.Qxa4 Rab8 20.Nc6 $1 {Well calculated by the former world champion. He wins more material.} 20...Qxb2+ 21.Kd2 Rfe8 ( {There is no time to defend everything as the queen is in jeopardy:} 21...Rbe8 22.Rb1 ) 22.Nxb8 Qxb8 23.Rb1 Qd8 24.Rhg1 ( {Also nice was the computer idea} 24.h4 d5 25.Rhd1 $3 dxe4+ 26.Kc1 Qc8 27.fxe4 {and White is in control.} ) 24...d5 25.Kc1 g6 {Kramnik got his king into safety and Ding desperately needs to bring on his reserves. The knight is the only piece that is far away and Black starts a lengthy maneuver towards the enemy king.} 26.Rb7 Ng7 ( 26...dxe4 $5 27.fxe4 Qc8 ) 27.Kb1 ( {Actually here White could have ended everything with the maneuver} 27.Qd7 $1 Qa5 28.Bd4 ) 27...Qc8 28.Qxa6 e5 29.Qa7 ( {Strong was the extraordinary bishop move} 29.Ba7 $1 d4 30.Qb5 {and White keeps the opponent's activity under a lid.} ) 29...Bf8 30.Rxf7 d4 31.Bc1 Ne6 $1 {Consistent.} 32.Qb7 Qc4 33.Rxh7 Nc5 34.Rc7 $1 {The knight should not be allowed to a4 and then c3.} 34...d3 35.Qd5+ {Finally Kramnik swaps the queens off, but Ding keeps some chances.} ( {It made sense to deprive Black of any chances with the preliminary} 35.Rg2 $1 ) 35...Qxd5 36.exd5 Rb8+ 37.Ka1 ( {White is better even if he sacrifices the bishop:} 37.Bb2 Na4 38.Kc1 Rxb2 39.Rd1 dxc2 40.Rd3 ) 37...e4 38.Be3 $1 ( {In case of} 38.Bb2 dxc2 {Black still creates strong threats, as in the line} 39.fxe4 Nb3+ $1 40.axb3 Ra8+ 41.Ba3 Bxa3 {when White needs to part with his rook} 42.Rxc2 Bc5+ ) 38...Na6 $1 {The knight needs to keep moving if Black wants to have enough attacking energy.} ( {Now neither} 38...dxc2 $2 39.Bxc5 ) ( {nor} 38...Bg7+ $2 39.Rxg7+ {work for Black.} ) 39.Rc4 ( {Kramnik misses a study-like win:} 39.Ba7 $3 {Then the knight would not be as annoying as in the game:} 39...Rd8 ( 39...Ra8 40.Rb7 Nb4 41.Kb2 ) 40.Rc4 Nb4 41.cxd3 ) 39...Nb4 40.cxd3 exd3 41.Bd4 Nc2+ 42.Rxc2 dxc2 {That's the maximum Ding could extract from his limited resources. White is however still winning although accuracy is required.} 43.Rc1 Rb5 44.Rxc2 Rxd5 45.Bf6 Ba3 46.Rc8+ Kf7 47.Kb1 $4 {A slip and all the advantage is thrown away.} ( {Kramnik would have won with:} 47.Rd8 $1 Rc5 48.Bb2 ) 47...Rd1+ 48.Kc2 Rc1+ 49.Kb3 Rxc8 50.Kxa3 Ke6 {Technically speaking White has more material but the black pieces are too active whereas the white pawns-not flexible enough.} 51.f4 Ra8+ 52.Kb2 Rb8+ 53.Kc3 Ra8 54.Kb3 Rb8+ 55.Kc3 Ra8 56.Kb2 Rb8+ 57.Ka1 {Rejecting the draw.} 57...Rb7 {Picking up the h2 pawn.} 58.Be5 Rh7 59.Kb2 Rxh2+ 60.Kb3 Kd5 61.a4 Kc5 62.a5 Kb5 63.Kc3 Ra2 64.Bc7 ( {It was time to force the draw with:} 64.f5 gxf5 65.Kd4 Rg2 66.Bf6 ) 64...Ra4 {Now Kramnik will have to survive some unpleasant moments, although he was never in danger of losing.} 65.Kd3 Kc6 66.Be5 Kd5 67.Bc7 Kc6 68.Be5 Rxa5 69.Ke4 Ra4+ ( {It is a fortress after:} 69...Kd7 70.f5 $1 Ra4+ 71.Kf3 gxf5 72.g6 Ke7 73.g7 Kf7 74.Bb2 ) 70.Kf3 Kd5 71.Bc7 Ra3+ 72.Kg4 Ke4 73.Bd6 Rf3 74.Bc7 Rf1 75.Kg3 Rg1+ 76.Kf2 Rc1 77.Be5 Rb1 78.Ke2 Rb3 79.Kf2 Rf3+ 80.Ke2 Rh3 ( {Or a draw in the pawn endgame after:} 80...Rxf4 81.Bxf4 Kxf4 82.Kf2 Kxg5 83.Kg3 ) 81.Kf2 Rh2+ 82.Kg3 Re2 83.Bc7 Re3+ 84.Kf2 Rf3+ 85.Kg2 Ke3 86.Be5 Ke2 87.Bd6 Rf2+ 88.Kg3 Rf1 89.Kg2 Rf2+ 90.Kg3 Kf1 91.Be5 Rg2+ 92.Kf3 Re2 93.Bd4 Rd2 94.Ke3 Re2+ 95.Kf3 Ra2 96.f5 $1 {Forcing total annihilation and a draw.} 96...gxf5 97.Kf4 Ra4 98.Kxf5 Rxd4 99.g6 Rd8 100.g7 Rg8 101.Kg6 Rxg7+ 102.Kxg7 1/2-1/2

[Event "Legends of Chess"]
[Site "Online"]
[Date "2020.07.28"]
[Round "8.2"]
[White "Carlsen, Magnus"]
[Black "Nepomniachtchi, Ian"]
[Result "1-0"]
[WhiteElo "2881"]
[BlackElo "2778"]
[EventDate "2020.??.??"]
[Annotator "Bojkov,Dejan"]
[PlyCount "67"]
[Beauty "8113214204937"]
[EventType "team-tourn"]

1.d4 Nf6 2.c4 g6 3.Nc3 d5 4.Nf3 Bg7 5.cxd5 Nxd5 6.e4 Nxc3 7.bxc3 c5 8.Rb1 {In the 1990s this pawn sacrifice went under thorough check, long before the computers became as strong as they are nowadays. There was never a definite verdict of what the evaluation should be, but both Grunfeld experts Vachier-Lagrave and Nepomniachtchi dare to play it regularly.} 8...O-O 9.Be2 cxd4 10.cxd4 Qa5+ 11.Bd2 Qxa2 12.O-O Bg4 13.Be3 Nc6 14.d5 Na5 15.Bg5 Qa3 16.Re1 Bc3 $146 ( {Black comes out with a novelty even though Nepomniachtchi defended well in a recent game after} 16...Bxf3 17.Bxf3 Qd6 18.e5 Bxe5 19.Qe2 Bf6 20.Bd2 Qd8 21.d6 Nc6 22.dxe7 Qxe7 23.Qxe7 Nxe7 {1/2-1/2 So,W (2760)-Nepomniachtchi,I (2767) Jerusalem 2019} ) 17.Qd3 {The most logical reply that pins the bishop at once.} ( {An interesting idea was} 17.Nd4 $5 {when the point is that} 17...Bxe1 ( {But perhaps Nepomniachtchi intended to enter an engame with} 17...Bxe2 18.Rxe2 Bxd4 19.Qxd4 Rfc8 20.Qe5 Nc4 21.Qxe7 h6 22.Bf6 Qxe7 23.Bxe7 ) 18.Bxg4 {is too risky for Black. He cannot escape with the bishop:} 18...Bc3 $2 ( {Therefore Black needs to defend with} 18...Qc5 {when} 19.Be3 Nc4 20.Qxe1 Nxe3 21.Qxe3 ( {Or} 21.fxe3 a5 ) 21...a5 {wins a bit of material for White but the black queenside passer(s) is a factor.} ) 19.Nb5 ) 17...Rfc8 18.Red1 b6 {Both the pawn and the knight are defended now, but in the process Black weakens the light squares.} ( {There was an argument for the other pawn push:} 18...a6 {when after} 19.h3 ( {There is also} 19.Bd2 b5 20.Nd4 Bxe2 21.Nxe2 b4 22.Nxc3 bxc3 23.Rdc1 {which is also better for White.} ) 19...Bd7 {Black wants to use the b5 square for his bishop. Then} 20.Qe3 {promises enough compensation for the pawn to White.} ) 19.h3 Bd7 ( {Apparently, Black didn't want to concede the bishop pair too early} 19...Bxf3 $5 20.Bxf3 {But this was the plan, as long as Black can build a blockade in the center with...} 20...Nc4 $1 ( {Not as good is} 20...Qd6 21.Bg4 Rc7 22.f4 ) 21.Bxe7 Qxe7 22.Qxc3 Qe5 ) 20.Rdc1 f6 {This, however is a mistake.} ( {Nepomniachtchi needed to step out of the pin at once:} 20...Bb4 $1 {Then after} 21.Qa6 Rxc1+ 22.Bxc1 ( {Not} 22.Rxc1 Bc5 $1 ) 22...Qa4 23.Be3 Bd6 {Black's position is shaky, but he manages somehow, e.g.} 24.e5 ( {Or} 24.Rxb6 Bc8 25.Qb5 Qxb5 26.Rxb5 Ba6 27.Rxa5 Bxe2 28.Rxa7 Rxa7 29.Bxa7 f5 {and the bishop pair compensates for the extra pawn.} ) 24...Bc8 {White has compensation for the pawn everywhere, but not a clear advantage:} 25.Qb5 ( 25.Qd3 $5 ) 25...Qxb5 26.Bxb5 Bc7 27.d6 exd6 28.Rc1 Bd8 29.exd6 a6 ) ( {The other bishop move} 20...Bb2 21.Rxc8+ Rxc8 22.Qa6 Ra8 23.Be3 {is not convincing and White is clearly better.} ) 21.Bd2 Bb2 22.Rxc8+ Rxc8 23.Qa6 $1 {Carlsen makes use of the queenside weaknesses to finally get to the black king!} 23...Qa2 ( {Instead} 23...Rc7 24.Bf4 Rb7 {allows} 25.Bb5 Bc8 26.Bc6 $1 {when the rook is trapped, say:} 26...Nxc6 ( 26...Rc7 27.Qb5 $1 ) ( {And} 26...Qa2 27.Qd3 {change nothing.} ) 27.Qxa3 Bxa3 28.dxc6 {and White wins.} ) 24.Rxb2 $1 {The most straightforward way.} ( {There was a good alternative:} 24.Bd3 Rc7 25.Bxa5 bxa5 26.d6 $1 ) 24...Qxb2 25.Qxa7 Qa1+ {Carlsen said he was slightly lucky because he missed Black's Qa1+ to a4. "But it's not surprising there's a win there considering how dodgy his position is."} 26.Kh2 Qa4 27.Bd1 $1 {The black queen needs to abandon the bishop and White reaches the enemy king.} 27...Qxd1 ( {Apparently:} 27...Qc4 28.Qxd7 Qc7+ 29.Qxc7 Rxc7 30.Nd4 {should not save Black either.} ) 28.Qxd7 Qc2 {The last very slim chance.} 29.Qe6+ ( {But not} 29.Qxe7 Qc7+ ) ( {Whereas} 29.d6 $1 {should also win.} ) 29...Kh8 30.d6 {The shelter in front of the black king is blown away and it is curtains after} 30...exd6 31.Qxf6+ Kg8 32.Bh6 Qc7 33.Qe6+ Kh8 34.Ng5 1-0

[Event "Legends of Chess"]
[Site "Online"]
[Date "2020.07.29"]
[Round "9.2"]
[White "Nepomniachtchi, Ian"]
[Black "Gelfand, Boris"]
[Result "0-1"]
[WhiteElo "2778"]
[BlackElo "2702"]
[EventDate "2020.??.??"]
[Annotator "Bojkov,Dejan"]
[PlyCount "176"]
[Beauty "4950725763674"]
[EventType "team-tourn"]

1.e4 c5 2.a3 {When qualified, why not try something original? This line was heavily analyzed and popularized by the Russian GM Alexei Bezgodov, who even wrote a book about it.} 2...g6 3.Bc4 ( {Nepomniachtchi is not the only top GM to try the 2.a3 Sicilian recently:} 3.b4 Bg7 4.Nc3 d6 5.Rb1 Nf6 6.Nf3 O-O 7.Bc4 Nc6 8.d3 Bg4 9.bxc5 dxc5 10.O-O Ne5 11.Ba2 {Mamedyarov,S (2764) -Artemiev,V (2716) 2020} ) 3...Bg7 4.h4 e6 5.Nc3 Ne7 6.h5 $146 {Already a novelty!} ( {The predecessor, unsurprisingly, is a game by the guru in this variation:} 6.d3 d5 7.Ba2 h6 8.Qf3 d4 9.Nce2 Nbc6 10.Qg3 e5 11.f4 Qd6 12.Nf3 Be6 13.Bxe6 fxe6 14.h5 {Bezgodov,A (2482)-Bologan,V (2672) Khanty-Mansiysk 2013} ) 6...d5 {A classical approach by a great classical player.} 7.Ba2 d4 8.Nce2 ( {Against} 8.h6 {Gelfand likely intended to continue in similar fashion} 8...Bf6 9.Nce2 d3 10.cxd3 Qxd3 ( {Or maybe} 10...Nbc6 $5 {with long-term compensation for a pawn.} ) ) 8...d3 {It is a good moment to generate central counterplay while the opponent is pushing his side pawns.} 9.cxd3 Qxd3 10.Nf3 $5 {An interesting pawn sacrifice.} ( {However, a better alternative was the immediate} 10.Bb1 Qd7 {which intends to fight aggressively for the center with} 11.d4 cxd4 12.f4 {with the threat of h5-h6!} ) 10...Nbc6 $1 {Which Gelfand correctly rejects.} ( {Instead:} 10...Qxe4 {would have launched the hidden energy of the white pieces in the line} 11.d4 cxd4 12.Rh4 $1 Qc6 13.Bg5 $1 {Suddenly all the white pieces are out, and he starts generating very concrete threats.} ) 11.Bb1 Qd6 12.d3 b6 13.Bf4 {Forcing Black to block his dark-squared bishop.} ( 13.Qb3 $5 ) 13...e5 {But now Gelfand gets better control over the d4-spot.} 14.Be3 Bg4 {Original or not, the opening led to a familiar pawn structure from the Reversed Najdorf. There are certainly differences. White has his bishop maneuvered close to the open a2-g8 diagonal which is good for him. However, a major issue is his h-pawn, which makes his kingside castling risky.} 15.h6 ( {Not} 15.Ng3 f5 $1 ) 15...Bf6 16.Ba2 Rd8 {Gelfand's play is logical and effective.} ( {Black will miss his light-squared bishop in the line} 16...Bxf3 17.gxf3 Rd8 18.Qb3 ) 17.Nc3 O-O 18.Bc4 Nd4 19.Bxd4 {After the trade of this key bishop, it is only Black who can be happy.} ( {But what else was there? The interesting pawn sacrifice} 19.b4 cxb4 20.Bxd4 exd4 21.Nb5 {is not sufficient due to} 21...Qb8 22.axb4 Nc6 ) ( {And in case of} 19.Rc1 {Black has a bunch of good options:} 19...Nec6 $5 ( 19...Ne6 $5 ) ( {Perhaps the only one to avoid is} 19...Nxf3+ 20.gxf3 Be6 21.Kf1 {although Black is OK here as well.} ) ) 19...cxd4 20.Nd5 ( {Or:} 20.Nb1 Bg5 $1 ) 20...Nxd5 21.Bxd5 Bg5 $1 {The bishops are tearing White's position apart. Notice that Nepomniachtchi still cannot castle.} 22.Qa4 Bxf3 $1 23.gxf3 Qf6 {The opposite-colored bishop middlegame with the insecure white king is obviously much, much better for Black.} 24.Rh3 ( 24.Ke2 {does not help due to the simple} 24...Rc8 ) 24...Rxd5 $1 {A strong sacrifice that exposes the white king at once.} ( {Although, a simple solution like} 24...Rc8 $1 {would also do. White cannot grab a pawn, for instance} 25.Qxa7 $2 Qf4 26.Kf1 Rc2 27.Kg1 {as} 27...Bh4 28.Rf1 {leads to a mating attack with} 28...Bxf2+ $1 29.Rxf2 Qg5+ 30.Kf1 Rc1+ 31.Ke2 Qe3# ) 25.exd5 Qf5 26.Rg3 Bf4 {Gelfand follows his forcing like.} ( 26...Bxh6 {would have been good enough too.} ) 27.Rg4 Qxd3 28.Rxf4 exf4 {Nepomniachtchi is lucky that his queen controls the e8-square, otherwise he could have resigned at once.} 29.Rd1 Qxf3 30.Qxd4 {Since Black needs to get rid of the annoying h6-pawn, White gains enough time to safeguard his king and even advance the passer.} 30...Qh1+ ( 30...Re8+ 31.Kd2 Qe2+ 32.Kc1 {only helps White.} ) 31.Kd2 Qxh6 32.d6 Rd8 ( {Here, more accurate was} 32...f3+ 33.Kc2 ( 33.Kc3 Rd8 34.Qf6 Qf8 ( {But not the rook endgame:} 34...Qg7 $2 35.Qxg7+ Kxg7 36.Kc4 $1 {when it is White who is better.} ) 35.Kb3 Rd7 ) 33...Qg5 34.Re1 Qf5+ 35.Kb3 Rd8 {This would be a better version of the game continuation for Black.} ) 33.Qf6 Qf8 34.Kc2 ( {Nepomniachtchi misses the strong} 34.Ke2 $3 Qe8+ 35.Kf3 Qd7 36.Kxf4 {when the white king personally prevents the advance of the enemy kingside pawns.} ) 34...Qe8 35.Kb1 Rd7 36.Ka1 ( 36.Qxf4 Qe6 37.Ka1 Kg7 {is similar to the game.} ) 36...Qe6 37.Qxf4 Kg7 {Black consolidated his advantage, but there is still plenty of work to be done. The annoying d6-passer keeps the black major pieces busy, whereas the obvious plan of a kingside expansion will lead to the weakening of his own king which is extremely dangerous with the major pieces on the board.} 38.Qd2 h5 39.Qc3+ Kh7 40.Qd4 Qg4 {The lack of time prevents Gelfand from finding the most convincing plan.} ( {The queenside improvement} 40...b5 $1 41.f4 a5 {followed by a5-a4 would have been a good plan for Black. The more advanced pawns would have created back-rank mate threats thus making the win easier.} ) 41.f4 Qe6 42.a4 $3 {Nepomniachtchi senses the danger and opens more room for his king.} 42...Kg8 43.Rd3 Qe1+ 44.Ka2 Qe6+ 45.Ka1 Kh7 46.b3 f6 {Finally the pawns start to roll.} 47.Ka2 Kg7 48.Rd2 Kf7 49.Qc3 h4 50.Qc6 {The correct idea, the wrong execution.} ( {The beautiful} 50.f5 $3 {would have exposed the black king enough to save the game:} 50...Qxf5 ( {Or} 50...gxf5 51.Qf3 Rxd6 52.Qh5+ Kf8 53.Rc2 $1 ( 53.Re2 $1 ) ) 51.Qc8 Qe6 52.Qh8 {Then} 52...Rxd6 53.Qh7+ Ke8 54.Rc2 $3 {creates too many threats against the black king and some sort of repetition occurs sooner or later:} 54...Rc6 55.Rd2 ) 50...Kg7 $1 {Out of the danger zone!} 51.f5 Qxf5 52.Re2 Kh6 ( {A study-like win would have been achieved with} 52...a5 $3 53.Re7+ Rxe7 54.dxe7 Qf2+ 55.Ka3 Qd4 $1 {Now we can appreciate the importance of the a7-a5 advance. Qd4-a1 mate is a huge threat that helps Black deal with the pawn:} 56.Ka2 ( {If} 56.e8=N+ Kf7 {and the passers cannot be stopped.} ( {Or even} 56...Kh6 ) ) 56...Qd2+ 57.Ka3 ( {Or} 57.Kb1 Qe1+ ) 57...Qb4+ {picking up the pawn.} ) 53.Re7 Rd8 54.Qc1+ ( {The computer holds White's position after} 54.d7 $1 h3 ( 54...g5 55.Qc7 ) 55.Qc4 Kg5 56.Qc1+ Qf4 57.Qg1+ Kh6 58.Qe1 {For instance:} 58...h2 59.Re4 Qd6 60.Re8 Kg7 61.Rxd8 h1=Q 62.Qxh1 Qd2+ 63.Ka3 Qd6+ {and it is Black who needs to force perpetual.} ) ( {White needs to avoid} 54.Qc7 $2 Rc8 ) 54...g5 {Black is winning again but precision is required till the very end.} 55.Qd2 h3 56.d7 Kg6 57.Kb2 g4 58.Ka2 a6 {Finally Gelfand decides to weaken the white king.} ( {Simpler was} 58...g3 59.Re3 g2 60.Rg3+ Kf7 ) 59.Kb2 b5 60.b4 bxa4 61.Ka3 g3 ( {Black should have completed his plan with} 61...a5 $1 62.Kxa4 axb4 ) 62.Re3 g2 63.Rg3+ Kf7 64.Qa2+ Qe6 65.Qc2 ( {Correctly not chasing the material:} 65.Rg7+ Kxg7 66.Qxe6 g1=Q 67.Qe7+ Kg6 68.Qxd8 Qa1# ) 65...f5 ( {Again safer and easier was} 65...Rxd7 66.Qg6+ Kf8 ) 66.Qb2 Qf6 67.Qa2+ Ke7 68.Re3+ Kf8 69.Rg3 Rxd7 {Surprisingly, this could have led to a draw.} ( {There were many winning continuations instead, like} 69...h2 $1 70.Rg8+ Ke7 71.Qe2+ Kxd7 72.Qd2+ Kc7 73.Qc1+ Qc6 74.Qf4+ Qd6 75.Qc1+ Kb8 {and wins.} ) 70.Qg8+ {Both players do not have any time to calculate.} ( {Otherwise Nepomniachtchi would have found:} 70.Rg8+ $1 Ke7 71.Qe2+ Kd6 ( {Or} 71...Qe6 72.Re8+ Kxe8 73.Qxe6+ Kd8 74.Qf6+ Kc7 75.Qc3+ Kb7 76.Qf3+ Kb8 77.Qe3 $1 {and it is a draw.} ) 72.Qxa6+ Ke5 73.Qe2+ {Black cannot escape the perpetual:} 73...Kd5 74.Qa2+ $1 Kc6 75.Qc4+ ) 70...Ke7 71.Re3+ ( {This time} 71.Rg7+ {would not work due to} 71...Kd6 72.Qb8+ Kd5 $3 73.Rxd7+ Ke4 74.Qe8+ Kf4 75.Qe1 Kg4 {and the pawns should promote soon.} ) 71...Kd6 72.Qb8+ Kd5 73.Qg8+ Kd4 74.Re1 Rg7 {That is enough for the win.} ( {But a faster one would have been} 74...Kd3 $1 75.Rd1+ Kc2 76.Rxd7 Qa1+ ( {Or a tad more accurate, mate in three:} 76...Qb2+ 77.Kxa4 Qa1+ 78.Qa2+ Qxa2# ) ) 75.Qb8 g1=Q 76.Rxg1 Rxg1 77.Qa7+ Ke4 78.Qxg1 Qc3+ {Gelfand convincingly converted his edge after:} 79.Kxa4 Qe3 80.Qh1+ Kf4 81.Qf1+ Kg4 82.Qxa6 h2 83.Qg6+ Qg5 84.Qc6 Qf4 85.Qg2+ Kh4 86.Ka5 Qe5+ 87.Kb6 ( {Or} 87.b5 Qa1+ 88.Kb6 h1=Q ) 87...Qd4+ 88.Kb5 Qg1 0-1